000 00481nam a2200181Ia 4500
001 9626
005 20260306161732.0
008 260306t1997||||xx |||||||||||||| ||spa||
041 _aESP
082 _a382.911
_bR36
100 _aFairle Reinoso, Alan
_eAUT
245 0 _aLas relaciones grupo andino Mercosur:
_bopciones de integración para el Perú en un contexto de apertura
260 _c1997
300 _a
_c
650 _aGEN
654 _aCAN
942 _cLIB
_dJUS
_fJUS
_2ddc
_n
999 _c9626
_d9626